00561nam a2200169Ia 4500003000400000008004100004040001600045082001900061100002100080245011500101700002300216260005100239300001000290650002400300650002700324650004000351GCL140319s9999 xx 000 0 eng d aGCL / cGCL04a629.13236bA A1 aABZUG, MALCOLM J10aAIRPLANE STABILITY AND CONTROL: A HISTORY OF THE TECHNOLOGIES THAT MADE AVIATION POSSIBLE / cABZUG, MALCOLM J1 aLARROBEE,E. EUGINE a[S.N] : bCAMBRIDGE UNIVERSITY PRESS ، c1997 a373 P04aAIRPLANES - HISTORY04aSTABILITY OF AIRPLANES04aAIRPLANES - DESIGN AND CONSTRUCTION